| 000 | 01289nam a22001937a 4500 | ||
|---|---|---|---|
| 008 | 251015b |||||||| |||| 00| 0 eng d | ||
| 020 | _a9780525658795 | ||
| 040 | _ctbs | ||
| 041 | _aeng | ||
| 050 |
_aTX649.C47 _bA25 2020 |
||
| 100 |
_aChild, Julia _926178 _eauthor |
||
| 245 |
_aPeople who love to eat are always the best people _b: and other wisdom _c/ Julia Child. |
||
| 260 |
_aNew York, NY : _bAlfred A. Knopf, _c2020. |
||
| 300 |
_a147 pages : _billustrations (some color) ; _c17 cm. |
||
| 520 | _aPerfect for home cooks, Julia fans, and anyone who simply loves to eat and drink—a delightful collection of the beloved chef and bestselling author’s words of wisdom on love, life, and, of course, food. “If you’re afraid of butter, use cream.” So decrees Julia Child, the legendary culinary authority and cookbook author who taught America how to cook—and how to eat. This delightful volume of quotations compiles some of Julia’s most memorable lines on eating—”The only time to eat diet food is while you’re waiting for the steak to cook”—on drinking, on life—”I think every woman should have a blowtorch”—on love, travel, France, and much more. | ||
| 650 | 0 |
_aCooks _zUnited States _vQuotations _926179 |
|
| 655 | 0 |
_aQuotations _923002 |
|
| 942 | _2lcc | ||
| 999 |
_c5053 _d5053 |
||